Muñoz Torrero y su época / (Record no. 161919)

MARC details
000 -LEADER
campo de control de longitud fija 01114nam a2200229 i 4500
001 - NÚMERO DE CONTROL
campo de control 161919
003 - IDENTIFICADOR DE NÚMERO DE CONTROL
campo de control ES-MaACL
005 - FECHA Y HORA DE LA ÚLTIMA TRANSACCIÓN
campo de control 20241001111130.0
008 - DATOS DE LONGITUD FIJA--INFORMACIÓN GENERAL
campo de control de longitud fija 981002s1888 sp |||| | spa d
040 ## - FUENTE DE CATALOGACIÓN
Centro catalogador/agencia de origen CLM
Lengua de catalogación spa
Centro/agencia transcriptor CCPB | 3D
100 1# - ENTRADA PRINCIPAL--NOMBRE DE PERSONA
Nombre de persona Pérez Jiménez, Nicolás.
9 (RLIN) 90954
245 10 - MENCIÓN DEL TÍTULO
Título Muñoz Torrero y su época /
Mención de responsabilidad, etc. por Nicolas Pérez y Giménez.
260 ## - PUBLICACIÓN, DISTRIBUCIÓN, ETC.
Lugar de publicación, distribución, etc. Badajoz :
Nombre del editor, distribuidor, etc. [s.n.],
Fecha de publicación, distribución, etc. 1888 (
Fabricante Tipografia "La Económica" de Pimentel, Corchero y Compañía)
300 ## - DESCRIPCIÓN FÍSICA
Extensión 93 p., [2] h. de lám. :
Otras características físicas il ;
Dimensiones 22 cm.
530 ## - NOTA DISPONIBLE DE FORMULARIO FÍSICO ADICIONAL
Nota de formato físico adicional disponible Disponble en formato digital.
594 ## - Nota al título y mención de responsabilidad
Nota al título y mención de responsabilidad Precede al tit. : Historia General de la Comarca de la Serena y particular de la Villa de Cabeza del Buey.
597 ## - NOTA DE DESCRIPCIÓN FÍSICA
NOTA DE DESCRIPCIÓN FÍSICA Acompaña a esta obra el retrato, facsimile y diseño (al fotograbado) de la casa donde nació el ilustre patricio.
600 17 - PUNTO DE ACCESO ADICIONAL DE MATERIA--NOMBRE DE PERSONA
Nombre de persona Muñoz Torrero, Diego,
Fechas asociadas al nombre 1761-1829
Fuente del encabezamiento o término
9 (RLIN) 166907
852 ## - LOCALIZACIÓN
Ubicación ES-MaACL
Número de control de estantería T-1358-F-1
Nota libre -- Enc. hol. conservando la cub. original
-- -- Enc. en un vol. facticio
856 ## - LOCALIZACIÓN Y ACCESO ELECTRÓNICOS
Identificador Uniforme de Recursos <a href="http://bdh-rd.bne.es/viewer.vm?id=0000137228&page=1 ">http://bdh-rd.bne.es/viewer.vm?id=0000137228&page=1 </a>
Nota pública Biblioteca Digital Hispánica
Holdings
Estatus retirado Estado de pérdida Estado de daño No para préstamo Colección Biblioteca de origen Biblioteca actual Ubicación en estantería Fecha de adquisición Fuente de adquisición Total de préstamos Signatura topográfica completa Código de barras Visto por última vez Precio de reemplazo Tipo de ítem Koha
        Colección de folletos Biblioteca del Ateneo de Madrid Biblioteca del Ateneo de Madrid Depósito folletos 17/01/2008     T-1358-F-1 1169613 23/02/2023 23/02/2023 Folleto